Islands of Adventure Theme Parks at Universal Orlando - Statistics

General Stats
  • This quiz has been taken 191 times
  • The average score is 3 of 6
Answer Stats
Theme Park % Correct
Jurassic Park
84%
Toon Lagoon
54%
Marvel Super-Hero Island
50%
Seuss Landing
48%
Wizarding World of Harry Potter
44%
The Lost Continent
40%
No matching quizzes found
Score Distribution
Percent of People with Each Score
Percentile by Number Answered
Your Score History
You have not taken this quiz